Vítězslav Nezvals Robert-David-Balladen und ihr Verhältnis zum Surrealismus
| Titel: | Vítězslav Nezvals Robert-David-Balladen und ihr Verhältnis zum Surrealismus / Reinhard Ibler |
|---|---|
| Verfasser: | |
| In: |
Zeitschrift für Slawistik, Band 61, Heft 3 (2016), Seite 482-498 alle Artikel anzeigen |
| Veröffentlicht: | 2016 |
| Format: | Aufsatz |
| Sprache: | Deutsch |
X
alg: 42656328 001A $03025:20-02-18 001B $06050:24-06-21 $t10:06:06.000 001C $03025:20-02-18 $t16:58:54.000 001D $03025:20-02-18 001U $0utf8 001X $00 002@ $0Oou 002C $aText $btxt $2rdacontent 002D $aComputermedien $bc $2rdamedia 002E $aOnline-Ressource $bcr $2rdacarrier 003@ $042656328X 004P $010.1515/slaw-2016-0029 007A $042656328X $aHEB 010@ $ager 010E $erda 011@ $a2016 021A $aVítězslav Nezvals Robert-David-Balladen und ihr Verhältnis zum Surrealismus $hReinhard Ibler 028A $BVerfasser $4aut $7121644103 $8Ibler, Reinhard$Z1952- [Tp2] $915298061X 031A $d61 $e3 $h482-498 $j2016 037A $aEnglische Zusammenfassung, Seite 482 039B $aEnthalten in $8--Obvc--. Zeitschrift für Slawistik. - Berlin : De Gruyter, 1956-. - Online-Ressource. - ISSN 2196-7016 $x201600000610003518 $9201613530 044K $#Nezval, V. $#Nezval, Vit. $#Nezval, Vítěslav $#Nezval, Vítězlav $#Nezvalas, Vitezslavas $#Nezvalas, Vítezslavas $#Nezval, Vitezslav $#Незвал, Витезслав $7118587579 $8Nezval, Vítězslav$Z1900-1958 [Tp1] $9086928589 044K $RWestslawische Sprachen $#Tschechische Sprache $74061084-6 $8Tschechisch [Ts1] $9085169617 044K $RBuch $RSchriftsteller $#Literature $#Littérature $#Letteratura $#Literatura $#literature $#Literature $#Literatur $#Literatur $#Belletristik $#Dichtung Literatur $#Schöne Literatur $#Sprachkunst $#Wortkunst $74035964-5 $8Literatur [Tsz] $9085097128 045R $aGeschichte 1920-1937 045T $a7,41 045T $aSLAW $qDE-1a $2FID lok: 42656328 78 exp: 42656328 78 1 #EPN 201B/01 $020-02-18 $t16:56:58.000 201C/01 $020-02-18 201U/01 $0utf8 203@/01 $01018354271 208@/01 $a20-02-18 $be 209A/01 $a/ $f000 $x00 209A/01 $ab*p $x01 220C/01 $apgar 244Z/01 $#Böhmische Kronländer $#Länder der Böhmischen Krone $#Sudetenland $#Böhmen $#Mähren $#Mährisch-Schlesien $#Österreichisch-Schlesien $#Tschechische Sozialistische Republik Böhmische Länder $#Tschechei Böhmische Länder $#Země koruny české $74069573-6 $8--Tg1--Böhmische Länder $x01 $9085195553 247C/01 $82080>Marburg/Lahn, Herder-Institut, Forschungsbibliothek, Bibliographieportal $9336309341
| LEADER | 00000caa a2200000 c 4500 | ||
|---|---|---|---|
| 001 | 42656328X | ||
| 003 | DE-603 | ||
| 005 | 20210624100606.0 | ||
| 007 | cr|||||||||||| | ||
| 008 | 180220s2016 xx |||| o| u00||u|ger c | ||
| 024 | 7 | |a 10.1515/slaw-2016-0029 |2 doi | |
| 035 | |a (DE-599)HEB42656328X | ||
| 040 | |a DE-603 |b ger |c DE-603 |d DE-603 |e rda | ||
| 041 | |a ger | ||
| 084 | |a 7,41 |2 ssgn | ||
| 084 | |a SLAW |q DE-1a |2 fid | ||
| 100 | 1 | |a Ibler, Reinhard |d 1952- |e Verfasser |4 aut |0 (DE-603)15298061X |0 (DE-588)121644103 |2 gnd | |
| 245 | 0 | 0 | |a Vítězslav Nezvals Robert-David-Balladen und ihr Verhältnis zum Surrealismus |c Reinhard Ibler |
| 264 | 0 | |c 2016 | |
| 336 | |a Text |b txt |2 rdacontent | ||
| 337 | |a Computermedien |b c |2 rdamedia | ||
| 338 | |a Online-Ressource |b cr |2 rdacarrier | ||
| 500 | |a Englische Zusammenfassung, Seite 482 | ||
| 600 | 1 | 7 | |a Nezval, Vítězslav |d 1900-1958 |0 (DE-588)118587579 |0 (DE-603)086928589 |2 gnd |
| 648 | 7 | |a Geschichte 1920-1937 |2 gnd | |
| 650 | 7 | |a Tschechisch |0 (DE-588)4061084-6 |0 (DE-603)085169617 |2 gnd | |
| 650 | 7 | |a Literatur |0 (DE-588)4035964-5 |0 (DE-603)085097128 |2 gnd | |
| 773 | 0 | 8 | |i Enthalten in |t Zeitschrift für Slawistik |d Berlin : De Gruyter, 1956- |h Online-Ressource |x 2196-7016 |g Band 61, Heft 3 (2016), Seite 482-498 |w (DE-603)201613530 |w (DE-600)2434774-7 |
| 924 | 1 | |9 2080 |a (DE-603)1018354271 |b DE-2080 |c HES |d d |g / | |


